000 00593nam a2200169 a 4500
001 000037884
005 20201002031130.0
008 130307s1981 dr ac 000 0 spa d
040 _aDO-SdBNP
_bspa
_cBNPHU
245 1 0 _aPoblación, migraciones internas y desarrollo en la República Dominicana 1950-1981 /.
260 _aSanto Domingo :
_bInstituto de Estudios de Población y Desarrollo,
_c1981.
300 _a148 p. :
_bil., retrs. ;
_c28 cm.
490 1 _aEstudio
_e8
500 _aIncluye notas al pie de las páginas
504 _aBibliografía : p.105-107
830 0 _aEstudio
_e8
_911006
999 _c37374
_d37374